00525nam a22001697a 450000500170000001000150001702000260003203500140005803700090007208200110008110000230009224500770011525000060019226000580019827000780025630000210033420240708153809.0 aENG-140818 c350.00a9789391317829 aEN-124350 bDBAD a88321 aBhatnagar, Ashwini aFatal Clash:bThe Rise And Fall of East West AirlinescAshwini Bhatnagar a1 aNoidabJitendra Anand Infratech Private Limitedc2022 bNoidaa2203, Express Trade Towers-2 Sector-132e201304mjaipl3e@gmail.com a186p.c20cm (pb)